COMMUNICATION SKILL AND PERSONALITY DEVELOPMENT: with multiple questions answers (Record no. 8887)

MARC details
000 -LEADER
fixed length control field 00498nam a22001817a 4500
005 - DATE AND TIME OF LATEST TRANSACTION
control field 20251009112831.0
008 - FIXED-LENGTH DATA ELEMENTS--GENERAL INFORMATION
fixed length control field 251008b |||||||| |||| 00| 0 eng d
020 ## - INTERNATIONAL STANDARD BOOK NUMBER
ISBN 978-93-87922-96-9
041 ## - LANGUAGE CODE
Language code of text/sound track or separate title eng
082 ## - DEWEY DECIMAL CLASSIFICATION NUMBER
Classification number 158.1
100 ## - MAIN ENTRY--AUTHOR NAME
Personal name DUBEY,ANUBHUTI AND SHUKLA, ARADHANA
245 ## - TITLE STATEMENT
Title COMMUNICATION SKILL AND PERSONALITY DEVELOPMENT: with multiple questions answers
250 ## - EDITION STATEMENT
Edition statement 2nd ed. 2025
260 ## - PUBLICATION, DISTRIBUTION, ETC. (IMPRINT)
Place of publication DELHI
Name of publisher ANU BOOKS
300 ## - PHYSICAL DESCRIPTION
Number of Pages 172;P
650 ## - SUBJECT ADDED ENTRY--TOPICAL TERM
Topical Term MANAGEMENT
942 ## - ADDED ENTRY ELEMENTS (KOHA)
Koha item type Books
Holdings
Lost status Damaged status Collection code Home library Current library Date acquired Source of acquisition Cost, normal purchase price Full call number Accession Number Koha item type Shelving location
    MANAGEMENT JRU Library JRU Library 08/10/2025 PURCHASE 549.00 158.1 28946 Books  
    MANAGEMENT JRU Library JRU Library 08/10/2025 PURCHASE 549.00 158.1 28947 Books NEW ARRIVAL SHELF